Raven Smith's trivial pursuits / (Record no. 126817)

MARC details
000 -LEADER
campo de control de longitud fija 01414nam a22002177a 4500
003 - IDENTIFICADOR DE NÚMERO DE CONTROL
campo de control BJBSDDR
005 - FECHA Y HORA DE LA ÚLTIMA TRANSACCIÓN
campo de control 20260414155543.0
007 - CAMPO FIJO DE DESCRIPCIÓN FÍSICA--INFORMACIÓN GENERAL
campo de control de longitud fija ta
008 - DATOS DE LONGITUD FIJA--INFORMACIÓN GENERAL
campo de control de longitud fija 260414s2020 enk||||| |||| 00| 0 eng d
020 ## - NÚMERO INTERNACIONAL ESTÁNDAR DEL LIBRO
Número Internacional Estándar del Libro 9780008339951
040 ## - FUENTE DE CATALOGACIÓN
Lengua de catalogación spa
Centro/agencia transcriptor BJBSDDR
041 ## - CÓDIGO DE IDIOMA
Código de lengua del texto/banda sonora o título independiente eng
050 ## - SIGNATURA TOPOGRÁFICA DE LA BIBLIOTECA DEL CONGRESO
Número de ítem Sm657 2020
100 1# - ENTRADA PRINCIPAL--NOMBRE DE PERSONA
Nombre de persona Smith, Raven
9 (RLIN) 47948
245 10 - MENCIÓN DEL TÍTULO
Título Raven Smith's trivial pursuits /
Mención de responsabilidad, etc. Raven Smith
260 ## - PUBLICACIÓN, DISTRIBUCIÓN, ETC.
Lugar de publicación, distribución, etc. London :
Nombre del editor, distribuidor, etc. 4th Estate,
Fecha de publicación, distribución, etc. 2020
300 ## - DESCRIPCIÓN FÍSICA
Extensión 263 pages ;
Dimensiones 21 cm
520 ## - RESUMEN, ETC.
Sumario, etc. A hilarious, smart and incredibly singular debut from Raven Smith, whose exploration of the minutiae of everyday modern life and culture is totally unique and painfully relatable. Is being tall a social currency? Am I the contents of my fridge? Does yoga matter if you're not filthy rich? Is a bagel four slices of bread? Are three cigarettes a meal? From IKEA meatballs to minibreaks, join Raven Smith as he reflects on the importance we place in the least important things and our frivolous attempts to accomplish and attain. He also tackles his single-parent upbringing, his struggles as a lonely teenager and his personal experience of coming out. Packed with brilliant humour, great tenderness and lingering pathos, Raven Smith's Trivial Pursuits is a book for anyone who has ever asked 'when I get to the pearly gates of heaven, will a viral tweet count for or against my entry?'
942 ## - ELEMENTOS DE ENTRADA SECUNDARIOS (KOHA)
Fuente del sistema de clasificación o colocación Clasificación de Library of Congress
Suprimir en OPAC No
Tipo de ítem Koha Libro
946 ## - PROCESAMIENTO DE INFORMACIÓN LOCAL (OCLC)
Iniciales del agente catalogador cmc
Holdings
Estatus retirado Estado de pérdida Fuente del sistema de clasificación o colocación Estado de daño No para préstamo Colección Biblioteca de origen Biblioteca actual Ubicación en estantería Fecha de adquisición Signatura topográfica completa Código de barras Visto por última vez Copia número Tipo de ítem Koha
    Clasificación de Library of Congress     Automatización y Procesos Técnicos Biblioteca Juan Bosch Biblioteca Juan Bosch Automatización y Procesos Técnicos (1er. Piso) 14/04/2026 Sm657 2020 00000198957 14/04/2026 1 Libro